¿Qué ciudad en Venezuela? - Estadísticas

Estadísticas generales
  • Esta prueba ha sido intentada 82 veces
  • La puntuación promedio es 10 de 18
Estadísticas de respuestas
Descripción Letra Respuesta % Correcto
Es la cuna del libertador C Caracas
99%
La tierra del sol amada M Maracaibo
82%
Capital industrial de Venezuela V Valencia
78%
Es conocida como la capital del llano B Barinas
76%
La perla del caribe M Margarita
73%
Es conocida como la ciudad músical B Barquisimeto
70%
Es la ciudad de los caballeros M Mérida
67%
La ciudad jardín M Maracay
63%
La Alemania del caribe C Colonia Tovar
60%
La puerta del sur de Venezuela C Ciudad Bolívar
57%
La ciudad de la cordialidad S San Cristóbal
54%
La sultana de Guarapiche M Maturín
45%
Capital turística del oriente P Puerto la Cruz
45%
Le dicen la Primogénita del continente C Cumaná
43%
La ciudad raíz de Venezuela C Coro
39%
La ciudad del clima ideal L Los teques
31%
Capital de la agricultura A Acarigua
27%
La ciudad del hierro C Ciudad Guyana
16%
No se encontraron pruebas coincidentes
Distribución de puntuación
Porcentaje de gente con cada puntuación
Porcentaje por número respondido
Historial de tus puntuaciones
No has intentado esta prueba.